Measured words : the development of objective language testing
Αποθηκεύτηκε σε:
| Κύριος συγγραφέας: | |
|---|---|
| Μορφή: | Βιβλίο |
| Γλώσσα: | English |
| Δημοσίευση: |
Oxford University Press :
Oxford,
c1995
|
| Θέματα: | |
| Ετικέτες: |
Προσθήκη ετικέτας
Δεν υπάρχουν, Καταχωρήστε ετικέτα πρώτοι!
|
MARC
| LEADER | 00000nam a2200000 i 4500 | ||
|---|---|---|---|
| 001 | 1/35903 | ||
| 008 | 960520s1995 eng d | ||
| 020 | |a 0-19-437201-4 (pbk.) | ||
| 035 | |a ΠΑΡ-1995 |b 07/26 |c ΤΣΑΤΣΑΡΩΝΗΣ |l 10024383 | ||
| 040 | |a GR-MY-UA |b |e aacr | ||
| 041 | 0 | |a eng | |
| 082 | 0 | |a 418.0076 | |
| 100 | 1 | |a Spolsky, Bernard. | |
| 245 | 1 | 0 | |a Measured words : |b the development of objective language testing / |c Bernard Spolsky |
| 260 | |a Oxford University Press : |b Oxford, |c c1995 | ||
| 504 | |a Περιλαμβάνει ευρετήριο | ||
| 650 | 0 | 0 | |a Language and languages |x Ability testing. |
| 852 | |a INST |b CHIOS |e 19960520 |h 418.0076 SPO |p 005200008248 |q 005200008248 |t BK |y 0 | ||
| 852 | |a INST |b CHIOS |e 19980805 |h 418.0076 SPO |p 005200015990 |q 005200015990 |t BK |y 0 | ||
| 909 | |a Χ |b 044722 | ||
| 909 | |a X |b 058264 | ||